000 01279cam a2200361 i 4500
001 40022
003 Mx-PuUPA
005 20260216112123.0
008 140415s2017 sp gr 000 0 spa d
020 _a9788498794465
_qpasta dura
040 _aMx-PuUPA
_cMx-PuUPA
_bspa
_dMx-PuUPA
_erda
041 0 _aspa
100 1 _aAtienza, Manuel,
_eautor
_913084
245 1 0 _aCurso de argumentación jurídica /
_cManuel Atienza
264 1 _aMadrid :
_bEditorial Trotta,
_c2017
300 _a862 páginas ;
_c24 cm
336 _2rdacontent
_atexto
_btxt
337 _2rdamedia
_asin medio
_bn
338 _2rdacarrier
_avolumen
_bnc
490 0 _aColección Estructuras y Procesos
490 0 _aDerecho
650 7 _2armarc
_aSemántica (Derecho)
650 7 _2armarc
_aArgumentación jurídica
650 7 _2armarc
_aDerecho
_xFilosofía
650 7 _2armarc
_aDerecho
_xMetodología
650 7 _2armarc
_aTeoría del derecho
942 _2ddc
_cLI
_h340.11
_iA87
999 _c40022
_d40022